<?xml version="1.0" encoding="UTF-8"?><?xml-stylesheet type="text/xsl" href="static/style.xsl"?><OAI-PMH xmlns="http://www.openarchives.org/OAI/2.0/" xmlns:xsi="http://www.w3.org/2001/XMLSchema-instance" xsi:schemaLocation="http://www.openarchives.org/OAI/2.0/ http://www.openarchives.org/OAI/2.0/OAI-PMH.xsd"><responseDate>2026-06-05T16:25:22Z</responseDate><request verb="GetRecord" identifier="oai:riuma.uma.es:10630/45279" metadataPrefix="marc">https://riuma.uma.es/rest/oai/request</request><GetRecord><record><header><identifier>oai:riuma.uma.es:10630/45279</identifier><datestamp>2026-03-26T11:58:51Z</datestamp><setSpec>com_10630_2254</setSpec><setSpec>col_10630_37953</setSpec></header><metadata><record xmlns="http://www.loc.gov/MARC21/slim" xmlns:dcterms="http://purl.org/dc/terms/" xmlns:doc="http://www.lyncode.com/xoai" xmlns:xsi="http://www.w3.org/2001/XMLSchema-instance" xsi:schemaLocation="http://www.loc.gov/MARC21/slim http://www.loc.gov/standards/marcxml/schema/MARC21slim.xsd">
   <leader>00925njm 22002777a 4500</leader>
   <datafield ind2=" " ind1=" " tag="042">
      <subfield code="a">dc</subfield>
   </datafield>
   <datafield ind2=" " ind1=" " tag="720">
      <subfield code="a">Ruiz-Gómez, Lorea Ariadna</subfield>
      <subfield code="e">author</subfield>
   </datafield>
   <datafield ind2=" " ind1=" " tag="260">
      <subfield code="c">2025-10-04</subfield>
   </datafield>
   <datafield ind2=" " ind1=" " tag="520">
      <subfield code="a">En este artículo analizaremos el proyecto museológico del Pueblo Museo de Genalguacil, en Málaga. Lo haremos desde los parámetros críticos y de la museología social (comunidad, territorio y patrimonio museal). El municipio ha desarrollado, a lo largo de treinta y un años, un planteamiento museológico innovador que ha convertido la localidad en un museo al aire libre. El arte se encuentra integrado en la vida cotidiana de sus habitantes, los cuales tienen un papel fundamental en la producción y gestión. Desde que comenzaron los encuentros artísticos se ha potenciado la creación del patrimonio artístico in situ, con la idea de fortalecer la identidad local y contribuir a frenar el éxodo rural. Este modelo de revitalización rural ha conseguido que el municipio tenga proyección internacional y ha impulsado la economía local, lo que ha derivado en una atracción de visitantes y artistas. El museo al aire libre se inició en las calles de Genalguacil en 1994, con diferentes intervenciones plásticas, y, en 2004 se puso en marcha el Museo de Arte Contemporáneo (mac), institución clave que sirve como un epicentro cultural y espacio de conservación. Conocer el caso de Genalguacil dentro de la provincia malagueña es fundamental, ya que como veremos es un modelo museológico que contrasta con el de Málaga capital.</subfield>
   </datafield>
   <datafield ind1="8" ind2=" " tag="024">
      <subfield code="a">Ruiz Gómez, A. (2025). Genalguacil, pueblo-museo de arte contemporáneo: del territorio local a la proyección global. Diferents. Revista De Museus, 10(10), 106–125. https://doi.org/10.6035/diferents.8992</subfield>
   </datafield>
   <datafield ind1="8" ind2=" " tag="024">
      <subfield code="a">2659-9252</subfield>
   </datafield>
   <datafield ind1="8" ind2=" " tag="024">
      <subfield code="a">https://hdl.handle.net/10630/45279</subfield>
   </datafield>
   <datafield ind1="8" ind2=" " tag="024">
      <subfield code="a">10.6035/diferents.8992</subfield>
   </datafield>
   <datafield tag="653" ind2=" " ind1=" ">
      <subfield code="a">Genalguacil (Málaga) - Museos</subfield>
   </datafield>
   <datafield ind2="0" ind1="0" tag="245">
      <subfield code="a">Genalguacil, pueblo-museo de arte contemporáneo: del territorio local a la proyección global</subfield>
   </datafield>
</record>
</metadata></record></GetRecord></OAI-PMH>